| 000 | 00911nac a22002657a 4500 | ||
|---|---|---|---|
| 001 | BR9001769 | ||
| 003 | BR-BrBNA | ||
| 005 | 20240105121112.0 | ||
| 008 | 230509b bl.|||m| |||| 00| 0 por d | ||
| 040 |
_aBR-BrBNA _bpor _cBiblioteca Nacional de Agricultura |
||
| 072 | _aF04 | ||
| 090 | _a1000 BR9001769 | ||
| 100 | 1 | _aNegri, J.D. de | |
| 110 | 1 |
_aCoordenadoria de Assistencia Tecnica Integral, Campinas, SP (Brasil). Depto. de Extensao Rural _92967 |
|
| 245 | 1 | _aNutricao e adubacao de citros | |
| 260 | 3 |
_aCampinas, SP (Brasil): _c1989. |
|
| 300 | _a25 p. | ||
| 490 |
_aBoletim Tecnico - Coordenadoria de Assistencia Tecnica Integral. Depto. de Extensao Rural (Brazil) _vno. 198 _xISSN 0100-4417 |
||
| 500 | _a7 ref.; 14 illus. | ||
| 650 | _aFRUTA CITRICA | ||
| 650 | _aADUBACAO | ||
| 650 | _aDEFICIENCIA NUTRICIONAL | ||
| 909 |
_a202312 _bLúcia Elande _c55 _dLúcia Elande |
||
| 942 |
_2AGRIS _n0 _cMS |
||
| 999 |
_c283309 _d283309 |
||